| 000 | 01773nam a22001577a 4500 | ||
|---|---|---|---|
| 041 | _aukr | ||
| 080 | _a09 | ||
| 090 | _bДЖО | ||
| 100 | _aДжон О. І. | ||
| 245 | _aВивчення та засвоєння граматики англійської мови з допомогою електронних курсів | ||
| 260 |
_aОстрог _bКАФ _c2012 |
||
| 300 | _a54 | ||
| 520 |
_aРОЗДІЛ 1. ТЕОРЕТИЧНІ ЗАСАДИ ВИВЧЕННЯ ТА ЗАСВОЄННЯ ГРАМАТИКИ АНГЛІЙСЬКОЇ МОВИ ВИКОРИСТОВУЮЧИ ЕЛЕКТРОННІ РЕСУРСИ.
1.1. Застосування електронних ресурсів як засіб навчання граматики англійської мови.
1.2. Методи навчання іноземних мов.
РОЗДІЛ 2. АНАЛІЗ ЕЛЕКТРОННИХ РЕСУРСІВ, ЯКІ ВИКОРИСТОВУЮТЬСЯ ДЛЯ ВИВЧЕННЯ ГРАМАТИКИ АНГЛІЙСЬКОЇ МОВИ.
2.1. Характеристика електронних ресурсів у вивченні мови.
2.2. Інтернет у формуванні граматичних навичок.
РОЗДІЛ 3. ПРАКТИЧНЕ ВИКОРИСТАННЯ ЕЛЕКТРОННИХ РЕСУРСІВ ПРИ ВИВЧЕННІ ТА ЗАСВОЄННІ ГРАМАТИКИ АНГЛІЙСЬКОЇ МОВИ.
3.1. Впровадження інтерактивних методів при навчанні граматики англійської мови.
3.2. Зарубіжний досвід використання електронних ресурсів в освіті. _0електронні ресурси, граматика |
||
| 650 | _aResearch Papers | ||
| 999 |
_c284878 _d284878 |
||
| 942 | _cBK | ||